Ever After High Characters By Colour Palette - Statistics

General Stats
  • This quiz has been taken 22 times
  • The average score is 13 of 20
Answer Stats
Picture Answer % Correct
Raven Queen
100%
Hunter Huntsman
88%
Apple White
81%
Briar Beauty
81%
Daring Charming
81%
Madeline Hatter
81%
Cerise Hood
75%
Dexter Charming
75%
Ashlynn Ella
69%
Cedar Wood
69%
Darling Charming
69%
Kitty Cheshire
69%
Holly O'Hair
63%
Lizzie Hearts
63%
Blondie Lockes
56%
Duchess Swan
50%
Faybelle Thorn
50%
Sparrow Hood
50%
C.A. Cupid
38%
Humphrey Dumpty
25%
No matching quizzes found
Score Distribution
Percent of People with Each Score
Percentile by Number Answered
Your Score History
You have not taken this quiz